Econometric analysis
Saved in:
| Main Author: | |
|---|---|
| Format: | Book |
| Language: | English |
| Published: |
Upper Saddle River, N.J.
Prentice Hall
2003
|
| Edition: | 5th ed. |
| Subjects: | |
| Tags: |
No Tags, Be the first to tag this record!
|
MARC
| LEADER | 00000nam$a2200000$$$4500 | ||
|---|---|---|---|
| 001 | 0035224 | ||
| 005 | 20240306135153.1 | ||
| 020 | |a 0-13-066189-9 | ||
| 041 | 0 | |a eng | |
| 044 | |a US | ||
| 245 | 1 | 0 | |a Econometric analysis |c William H. Greene |
| 250 | |a 5th ed. | ||
| 264 | 1 | |a Upper Saddle River, N.J. |b Prentice Hall |c 2003 | |
| 300 | |a 1026 s. | ||
| 610 | 2 | 0 | |a analýza ekonometrická |
| 610 | 2 | 0 | |a modelovanie ekonometrické |
| 610 | 2 | 0 | |a rady časové |
| 610 | 2 | 0 | |a modely |
| 610 | 2 | 0 | |a modely regresné |
| 610 | 2 | 0 | |a korelácia |
| 610 | 2 | 0 | |a odhady |
| 100 | 1 | |a Greene, William H. | |